Team bonding (Record no. 71839)
[ view plain ]
| 000 -LEADER | |
|---|---|
| fixed length control field | 00751cam a2200193 4500 |
| 001 - CONTROL NUMBER | |
| control field | ABS66258 |
| 008 - FIXED-LENGTH DATA ELEMENTS--GENERAL INFORMATION | |
| fixed length control field | 021220n2002 000 0 eng u |
| 035 ## - SYSTEM CONTROL NUMBER | |
| System control number | (Sirsi) u120863 |
| 100 ## - MAIN ENTRY--PERSONAL NAME | |
| Personal name | Perry, J. |
| 245 ## - TITLE STATEMENT | |
| Title | Team bonding |
| 260 ## - PUBLICATION, DISTRIBUTION, ETC. | |
| Date of publication, distribution, etc. | 2002 |
| 490 ## - SERIES STATEMENT | |
| Series statement | Inside Housing |
| Volume/sequential designation | 8 November 2002, 35(1) |
| 520 ## - SUMMARY, ETC. | |
| Summary, etc. | Explains how housing associations can team up by reorganising their financial arrangements. This involves a review of loan facilities and funding structures, and concludes a substantial element of bond funding, and consequent lower bank funding, can result in spare capacity for future requirements. |
| 590 ## - LOCAL NOTE (RLIN) | |
| Local note | ABS |
| 650 ## - SUBJECT ADDED ENTRY--TOPICAL TERM | |
| Topical term or geographic name entry element | CONTRACT ADMINISTRATORS |
| 650 ## - SUBJECT ADDED ENTRY--TOPICAL TERM | |
| Topical term or geographic name entry element | FUNDING |
| 690 ## - LOCAL SUBJECT ADDED ENTRY--TOPICAL TERM (OCLC, RLIN) | |
| Topical term or geographic name as entry element | HOUSING-HOUSING FINANCE |
| 942 ## - ADDED ENTRY ELEMENTS (KOHA) | |
| Suppress in OPAC | 0 |
| Withdrawn status | Lost status | Source of classification or shelving scheme | Damaged status | Not for loan | Home library | Current library | Shelving location | Date acquired | Total Checkouts | Full call number | Barcode | Date last seen | Copy number | Price effective from | Koha item type |
|---|---|---|---|---|---|---|---|---|---|---|---|---|---|---|---|
| Dewey Decimal Classification | London | London | Journal article | 20/12/2002 | ABS66258 | 120863-1001 | 06/08/2019 | 1 | 06/08/2019 | Journal article |